书目信息 |
| 题名: |
洪武皇帝大传
|
|
| 作者: | 陈梧桐 著 | |
| 分册: | ||
| 出版信息: | 郑州 河南人民出版社 1993.06 |
|
| 页数: | 671页 | |
| 开本: | 32开 | |
| 丛书名: | ||
| 单 册: | ||
| 中图分类: | I247.53 | |
| 科图分类: | ||
| 主题词: | 小说--中国 | |
| 电子资源: | ||
| ISBN: | 7-215-02237-4 | |
| 000 | 00543nam0 2200193 45 | |
| 001 | 0007251627 | |
| 005 | 20000725160240.8 | |
| 010 | @a7-215-02237-4@d27.00元 | |
| 100 | @a20000725d1993 km y0chiy0120 ea | |
| 101 | 0 | @achi |
| 105 | @a z 000yy | |
| 200 | 1 | @a洪武皇帝大传@AHong Wu Huang Di Da Chuan@f陈梧桐著@FChen Wu Tong Zhu |
| 210 | @a郑州@c河南人民出版社@d1993.06 | |
| 215 | @a671页@d32开 | |
| 606 | 0 | @a小说@x中国 |
| 690 | @aI247.53@v3 | |
| 701 | 0 | @a陈梧桐@4著 |
| 801 | @aCN@bPftUser@c20000725 | |
| 905 | @b78201-210@dI247.53@eCH849@f10 | |
| 洪武皇帝大传/陈梧桐著.-郑州:河南人民出版社,1993.06 |
| 671页;32开 |
| ISBN 7-215-02237-4:27.00元 |
| ● |
| 相关链接 |
|
|
|
正题名:洪武皇帝大传
索取号:I247.53/CH849
 
预约/预借
| 序号 | 登录号 | 条形码 | 馆藏地/架位号 | 状态 | 备注 |
| 1 | 78201 | 200782019 | 社科二线422/422社科库 4排2列1层/ [索取号:I247.53/CH849] | 在馆 | |
| 2 | 78202 | 200782028 | 社科二线422/422社科库 4排2列1层/ [索取号:I247.53/CH849] | 在馆 | |
| 3 | 78203 | 200782037 | 社科二线422/422社科库 4排2列1层/ [索取号:I247.53/CH849] | 在馆 | |
| 4 | 78204 | 200782046 | 社科二线422/422社科库 4排2列1层/ [索取号:I247.53/CH849] | 在馆 | |
| 5 | 78205 | 200782055 | 社科二线422/422社科库 4排2列1层/ [索取号:I247.53/CH849] | 在馆 | |
| 6 | 78206 | 200782064 | 文学库108/400B社科库 26排2列2层/ [索取号:I247.53/CH849] | 在馆 | |
| 7 | 78207 | 200782073 | 社科二线422/422社科库 4排2列1层/ [索取号:I247.53/CH849] | 在馆 | |
| 8 | 78208 | 200782082 | 社科二线422/422社科库 4排2列1层/ [索取号:I247.53/CH849] | 在馆 | |
| 9 | 78209 | 200782091 | 社科二线422/422社科库 4排2列1层/ [索取号:I247.53/CH849] | 在馆 | |
| 10 | 78210 | 200782108 | 文学库108/ [索取号:I247.53/CH849] | 在馆 |